000 00250nam a2200097Ia 4500
001 653905
005 20250826154507.0
008 250824s9999 xx 000 0 und d
245 0 _aBİLGE PADİŞAH
_cMEHMET AKİF ORDULU
260 _bGENÇ HAYAT YAYINLARI
999 _c653905
_d653905